|
|
|
|
| LEADER |
00000naa a2200000uu 4500 |
| 001 |
vtls010964229 |
| 003 |
SK-MaSNL |
| 005 |
20260302112809.0 |
| 008 |
210910|2001 xo |||||||||||||||||slo| |
| 015 |
|
|
|a SNBRA
|
| 035 |
|
|
|a (urnnbn)urn:nbn:sk:snk:ar-a0bug2
|
| 035 |
|
|
|a (uuid)156c10d2-b618-40b2-9510-2ae5c632f33d
|
| 035 |
|
|
|a urn:nbn:sk:snk-aaulxl
|
| 040 |
|
|
|a SNKBUCL
|b slo
|c SNKBUCL
|e AACR2
|
| 041 |
0 |
|
|a slo
|
| 044 |
|
|
|a xo
|c SK
|
| 100 |
1 |
|
|a Fúsková, Jana,
|d 1953-
|4 aut
|9 211852
|
| 245 |
1 |
0 |
|a VPLYV FYZIKÁLNYCH POLÍ NA BIOLOGICKÝ MATERIÁL
|c Jana Fúsková
|
| 246 |
3 |
|
|a EFFECT OF PHYSICAL FIELDS AT BIOLOGICAL MATERIAL.
|
| 773 |
0 |
|
|t Výskum a vyučovanie na katedrách fyziky v kontexte univerzitného vzdelávania
|d V Nitre : Slovenská poľnohospodárska univerzita, 2001
|g S. 96-100
|z 8071378895
|
| 958 |
|
|
|a OND
|
| 958 |
|
|
|a article11
|
| 958 |
|
|
|a chapter
|
| 999 |
|
|
|c 1253421
|d 1255351
|